LEADER 01241nam 2200373Ia 450 001 996387753803316 005 20200824132256.0 035 $a(CKB)1000000000627906 035 $a(EEBO)2264215580 035 $a(OCoLC)ocm12490496e 035 $a(OCoLC)12490496 035 $a(EXLCZ)991000000000627906 100 $a19850904d1679 uy | 101 0 $aeng 135 $aurbn||||a|bb| 200 12$aA discourse concerning the beauty of holiness$b[electronic resource] /$fby the author of The duty of man, laid down in express words of Scripture 210 $aLondon $cPrinted by J.C. for Robert Sollers ...$d1679 215 $a[7], 182, [2] p 300 $aWritten by R. Allestree. Cf. Wing. 300 $a"Imprimatur. July 18th, 1678. Guil. Sill" 300 $aAdvertisements: p. [1]-[2] at end. 300 $aReproduction of original in Union Theological Seminary Library, New York. 330 $aeebo-0160 606 $aHoliness 615 0$aHoliness. 700 $aAllestree$b Richard$f1619-1681.$0793142 801 0$bEAA 801 1$bEAA 801 2$bm/c 801 2$bWaOLN 906 $aBOOK 912 $a996387753803316 996 $aA discourse concerning the beauty of holiness$92411135 997 $aUNISA